| 000 | 00903 a2200277 4500 | ||
|---|---|---|---|
| 001 | 200001948 | ||
| 651 | 0 |
_955303 _aTurkey _xPolitics and government _vPolitics and government |
|
| 650 | 0 |
_9114509 _aIslam _zTurkey |
|
| 999 |
_c200001948 _d29553 |
||
| 003 | TR-AnTOB | ||
| 005 | 20240814073633.0 | ||
| 008 | 101108s1975 tu 000 0 | ||
| 040 | _aTR-AnTOB | ||
| 041 | 0 | _atur | |
| 050 | 1 | 4 |
_aBP173.6 _b.A43 1975 |
| 090 | _aBP173.6 A43 1975 | ||
| 100 | 1 |
_aAlbayrak, Sadık, _d1942- _954629 |
|
| 245 | 0 | 0 |
_aTürkiye'de din kavgası / _cSadık Albayrak. |
| 264 | 1 |
_aİstanbul : _bkuşak, _c1975. |
|
| 300 |
_a351 s.; _bres. ; _c19 cm. |
||
| 650 | 0 |
_aİslam ve devlet _zTürkiye _xTarih _y20. yüzyıl _927941 |
|
| 650 | 0 |
_aIslam and state _xHistory _zTurkey _y20th century _927939 |
|
| 650 | 7 |
_aİslam _zTürkiye _xTarih _2etuturkob _96952 |
|
| 651 | 7 |
_aTürkiye _xSiyaset ve yönetim _vPolitika ve hükümet _2 _9120128 |
|
| 942 | _cBK | ||